Movies Quiz

Random Movies or Actor Quiz

Every Oscar Nominated Actor (N) Quiz Stats

 Plays Quiz not verified by Sporcle

Challenge
Share
Tweet
Embed
Score 0/6 Timer 02:00
0 Plays Today
Year Actor % Correct
1993Liam Neeson
97.9%
1998Edward Norton
96.1%
1970Jack Nicholson
94.3%
1991Nick Nolte
87.2%
1958Paul Newman
86.3%
1958David Niven
69.6%

You're not logged in!

Compare scores with friends on all Sporcle quizzes.
Join for Free
OR
Log In

You Might Also Like...

Show Comments

Extras

Top Quizzes Today


Score Distribution

Your Account Isn't Verified!

In order to create a playlist on Sporcle, you need to verify the email address you used during registration. Go to your Sporcle Settings to finish the process.

Report this User

Report this user for behavior that violates our Community Guidelines.

Details: